| 000 | 00963nam a2200301 i 4500 | ||
|---|---|---|---|
| 001 | 000014547 | ||
| 003 | DO-SdBNP | ||
| 005 | 20260306101608.0 | ||
| 007 | ta | ||
| 008 | 100114s2007 dr a r 001 p spa d | ||
| 020 | _a9789993442653 | ||
| 040 |
_aDO-SdBNP _bspa _cBNPHU _erda |
||
| 041 | _aspa | ||
| 082 | 4 |
_aRD861.44 _bM632a _222 |
|
| 100 | 1 |
_aMieses Burgos, Franklin, _d1907-1976 _eautor _4aut. _91952 |
|
| 245 | 1 | 3 |
_aEl ángel destruido / _cFranklin Mieses Burgos. |
| 264 | 1 |
_aSanto Domingo : _bFerilibro, _c2007. |
|
| 300 |
_a40 páginas : _bilustraciones ; _c23 cm. |
||
| 336 |
_atexto _btxt _2rdacontent |
||
| 337 |
_asin mediación _bn _2rdamedia |
||
| 338 |
_avolumen _bnc _2rdacarrier |
||
| 500 | _aIncluye datos biográficos del autor en las solapa de la cubierta | ||
| 590 | _aInventariado, 2018/BT | ||
| 650 | 4 |
_aPoesía dominicana _966 |
|
| 650 | 4 |
_aLiteratura dominicana. _967 |
|
| 910 | _aValidado. Control de calidad. MFF | ||
| 942 |
_2ddc _cLF2 |
||
| 999 |
_c14134 _d14134 |
||